[Event "Gider ikke kun spille sort"]
[Site "http://www.queenalice.com/game.php?id=1767829"]
[Date "2021.8.24"]
[Round "-"]
[White "BankerRasmus"]
[Black "Denderlersidst"]
[Result "1-0"]
[WhiteElo "1937"]
[BlackElo "1749"]

1. e4 e5 2. Bc4 Nf6 3. d4 Nxe4 4. Qf3 d5 5. dxe5 Nc6 6. Bb5 Bc5 7. Be3 O-O 8.
Bxc5 Nxc5 9. Bxc6 bxc6 10. Qc3 Qe7 11. Nf3 Bb7 12. O-O Ne4 13. Qe3 f6 14. Nc3
Nxc3 15. Qxc3 fxe5 16. Nxe5 Qf6 17. Qg3 Rfe8 18. Rae1 Ba6 19. Nd3 Rxe1 20. Rxe1
Bxd3 21. cxd3 Qxb2 22. Qxc7 Rf8 23. Qxa7 Qd2 24. Qe3 Qxa2 25. Qe6+ Kh8 26. Qf7
Qa3 27. Qe6 h6 28. Rd1 Qb3 29. Qe2 d4 30. h3 c5 31. Rc1 Qa3 32. Rc4 Qa1+ 33. Qf1
Qxf1+ 34. Kxf1 Rc8 35. f4 Kg8 36. Kf2 Kf7 37. g4 Kf6 38. Kf3 Ke6 39. Ke4 Kd6 40.
Kf5 Rf8+ 41. Ke4 Re8+ 42. Kf3 Re3+ 43. Kg2 Rxd3 44. g5 Re3 45. h4 Rc3 46. Ra4 d3
47. Ra6+ Kd5 48. gxh6 gxh6 49. Kf3 d2+ 50. Ke2 Rc2 51. Kd1 Ke4 52. Kxc2 1-0

[Event "Escorpión"]
[Site "http://www.queenalice.com/game.php?id=1768005"]
[Date "2021.8.26"]
[Round "1"]
[White "Givanildo"]
[Black "Denderlersidst"]
[Result "0-1"]
[WhiteElo "1297"]
[BlackElo "1755"]

1. d4 d5 2. Bf4 Nc6 3. e3 a6 4. a3 h6 5. h3 g6 6. c3 f6 7. Bd3 f5 8. Nf3 Bg7 9.
Nbd2 g5 10. Be5 Bxe5 11. dxe5 b5 12. b4 g4 13. hxg4 fxg4 14. Nd4 Nxe5 15. Rh5
Nxd3+ 16. Ke2 Nb2 17. Qb1 Na4 18. Qg6+ Kf8 19. Ne6+ Bxe6 20. Qxe6 Nxc3+ 21. Kf1
Nf6 22. Qe5 Kf7 23. Qxc3 Nxh5 24. e4 d4 25. Qb3+ Kg6 26. Qe6+ Kg5 27. Qf5+ Kh4
28. Kg1 Qf8 29. g3+ Nxg3 30. fxg3+ Kxg3 31. Nf1+ Kh4 32. Qe5 Qf6 33. Qh2+ Kg5
34. Ra2 Raf8 35. Ng3 h5 36. Nf5 e6 37. Ng3 h4 38. e5 Qxe5 39. Qd2+ Qe3+ 40.
Qxe3+ dxe3 41. Ne4+ Kh5 42. Re2 Rf3 43. Nc5 Rd8 44. Re1 g3 45. Ne4 Rd3 46. Nc5
Rxa3 47. Nxe6 h3 48. Ng7+ Kg4 49. Rf1 Rxf1+ 50. Kxf1 Kf3 51. Ke1 Ra1# 0-1

[Event "Op på hesten igen?"]
[Site "http://www.queenalice.com/game.php?id=1770106"]
[Date "2021.9.17"]
[Round "-"]
[White "BankerRasmus"]
[Black "Denderlersidst"]
[Result "0-1"]
[WhiteElo "1934"]
[BlackElo "1741"]

1. e4 e5 2. Bc4 Nf6 3. d3 d5 4. exd5 Nxd5 5. Qh5 Qd6 6. Nf3 g6 7. Qxe5+ Qxe5+ 8.
Nxe5 c6 9. O-O Bg7 10. Re1 O-O 11. Bxd5 cxd5 12. Nc3 Nc6 13. Nxc6 bxc6 14. Re7
Be6 15. Be3 d4 16. Bd2 dxc3 17. bxc3 Rfe8 18. Rxe8+ Rxe8 19. a4 c5 20. Re1 Rd8
21. Be3 Bxc3 22. Rb1 c4 23. Bh6 Be5 24. dxc4 Bxc4 25. g3 f6 26. Rb7 Rd1+ 0-1

[Event "Deyse Ja Era"]
[Site "http://www.queenalice.com/game.php?id=1770109"]
[Date "2021.9.17"]
[Round "-"]
[White "zubarev"]
[Black "Denderlersidst"]
[Result "0-1"]
[WhiteElo "1777"]
[BlackElo "1775"]

1. e4 e5 2. Nf3 d6 3. d4 f6 4. dxe5 fxe5 5. Bc4 h6 6. O-O Nf6 7. h3 Nxe4 8. Qd5
Qf6 9. Nc3 Nxc3 10. bxc3 c6 11. Qd2 d5 12. Be2 e4 13. Nd4 Qg6 14. f3 Bxh3 15.
Rf2 Bd6 16. f4 O-O 17. Qe3 Bg4 18. Qg3 h5 19. Bxg4 Qxg4 20. Qxg4 hxg4 21. Be3
Nd7 22. Rb1 Nc5 23. Nb3 Na4 24. g3 Nxc3 25. Rb2 Nd1 26. Rb1 Nxf2 27. Kxf2 Kf7
28. Nd4 Rab8 29. Nf5 Rfd8 30. Bd4 g6 31. Nh4 c5 32. Be5 Bxe5 33. fxe5 Re8 34.
Ke3 Rxe5 35. Rf1+ Kg7 36. Ng2 g5 37. c3 b5 38. Rd1 a5 39. Ne1 b4 40. Rb1 Rh8 41.
cxb4 axb4 42. a3 d4+ 43. Kd2 Rh2+ 44. Kc1 bxa3 45. Ra1 a2 46. Kd1 d3 0-1

[Event "Challenge"]
[Site "http://www.queenalice.com/game.php?id=1770113"]
[Date "2021.9.17"]
[Round "-"]
[White "Denderlersidst"]
[Black "JPC93"]
[Result "1-0"]
[WhiteElo "1734"]
[BlackElo "1836"]

1. e4 e5 2. Nf3 Nc6 3. c3 Nf6 4. Bb5 Bc5 5. d4 exd4 6. cxd4 Bb6 7. Bxc6 dxc6 8.
e5 Nd5 9. Nc3 Nxc3 10. bxc3 O-O 11. a4 a5 12. O-O Be6 13. Ng5 Bf5 14. g4 Bg6 15.
h4 h6 16. h5 Bh7 17. Nxh7 Kxh7 18. Rb1 Rb8 19. f4 c5 20. d5 c4+ 21. Kg2 Qh4 22.
Qc2+ Kh8 23. Qe2 Bc5 24. Be3 Bxe3 25. Rh1 Qd8 26. Qxe3 Qxd5+ 27. Qf3 Qd2+ 28.
Kg3 Kh7 29. Qe4+ g6 30. g5 Qxc3+ 31. Kg4 Rg8 32. Rxb7 f5+ 33. exf6 Rxb7 34.
hxg6+ 1-0

[Event "Hellere tabe sig end tabe!"]
[Site "http://www.queenalice.com/game.php?id=1771383"]
[Date "2021.10.4"]
[Round "-"]
[White "Denderlersidst"]
[Black "BankerRasmus"]
[Result "0-1"]
[WhiteElo "1765"]
[BlackElo "1910"]

1. e4 e5 2. Nf3 Nc6 3. Bc4 Nf6 4. Ng5 d5 5. exd5 Nxd5 6. Qf3 Be6 7. Nxe6 fxe6 8.
Bb5 Qd7 9. Bxc6 Qxc6 10. Qh5+ g6 11. Qxe5 O-O-O 12. Qxh8 Nf4 13. c3 Qe4+ 14. Kd1
Nd3 15. Qf6 Bc5 16. Rf1 Rf8 17. Qxf8+ Bxf8 18. f3 Qh4 19. Kc2 Qc4 20. Rh1 Nf2
21. Re1 Qd3+ 22. Kb3 c5 23. Na3 b5 24. Re3 c4+ 25. Nxc4 bxc4+ 26. Ka4 Qd7+ 27.
Ka5 Qd5+ 28. Ka4 a6 29. b4 cxb3 30. axb3 Qb5# 0-1

[Event "Hellere lille og kvik end….."]
[Site "http://www.queenalice.com/game.php?id=1772611"]
[Date "2021.10.18"]
[Round "-"]
[White "BankerRasmus"]
[Black "Denderlersidst"]
[Result "1-0"]
[WhiteElo "1912"]
[BlackElo "1757"]

1. e4 e5 2. b3 Nf6 3. Bb2 Nc6 4. Bd3 Bc5 5. Nf3 d6 6. c4 Ng4 7. O-O Nd4 8. h3
Nh6 9. Nxe5 dxe5 10. b4 Be7 11. Qa4+ b5 12. cxb5 O-O 13. Nc3 Bd7 14. Rac1 a6 15.
Ne2 axb5 16. Qd1 Rxa2 17. Bxd4 exd4 18. Nxd4 c6 19. Qb3 Rxd2 20. Qc3 Bxb4 21.
Qb3 c5 22. Nxb5 Bxb5 23. Bxb5 Qd4 24. Rc4 Rd3 25. Qb1 Qd6 26. Rxb4 cxb4 27. Bxd3
g6 28. Bc4 Rc8 29. Rd1 Qc5 30. Rc1 Kf8 31. g4 f5 32. Qb2 fxg4 33. Qh8+ Ke7 34.
Qxh7+ Ke8 35. Bb5+ 1-0

[Event "Escorpión"]
[Site "http://www.queenalice.com/game.php?id=1772983"]
[Date "2021.10.23"]
[Round "2"]
[White "Denderlersidst"]
[Black "shady66"]
[Result "1-0"]
[WhiteElo "1738"]
[BlackElo "1575"]

1. e4 e5 2. Nf3 Nc6 3. Bb5 Qf6 4. d3 a6 5. Bxc6 Qxc6 6. Nxe5 Qe6 7. f4 d6 8. Nc4
Qg4 9. Qxg4 Bxg4 10. h3 Be6 11. f5 Bxc4 12. dxc4 O-O-O 13. Nc3 h6 14. O-O Be7
15. b3 Nf6 16. Ba3 Rhe8 17. Rfe1 Nd7 18. Rad1 Ne5 19. Nd5 Bh4 20. Re3 Nc6 21. c3
Bg5 22. Rg3 Rxe4 23. Bc1 f6 24. Bxg5 hxg5 25. Kf2 Rde8 26. Re3 Rxe3 27. Nxe3 Kd7
28. b4 Ne5 29. a4 b6 30. b5 Ra8 31. Ra1 a5 32. Rd1 Rc8 33. Ke2 c6 34. Rc1 cxb5
35. cxb5 Nc4 36. Nd5 Re8+ 37. Kd3 Rc8 38. Re1 Ne5+ 39. Kd4 Rc4+ 40. Ke3 Rh4 41.
Nxb6+ Kc7 42. Nd5+ Kb7 43. Ra1 Nc4+ 44. Ke2 Nb2 45. Ra2 Nxa4 46. Rc2 Nc5 47. c4
Nd7 48. Rc3 a4 49. Kf2 Ne5 50. c5 Rc4 51. c6+ Kc8 52. Ne7+ Kc7 53. Nd5+ Kc8 54.
Ne7+ Kc7 55. Nd5+ Kc8 56. Nb6+ Kc7 57. Nxc4 Nxc4 58. Rxc4 a3 59. Ra4 d5 60. Ra7+
Kb8 61. b6 d4 62. Rxa3 Kc8 63. Ra8# 1-0

[Event "Plaisir de jouer"]
[Site "http://www.queenalice.com/game.php?id=1773296"]
[Date "2021.10.27"]
[Round "4"]
[White "Denderlersidst"]
[Black "Nigel68"]
[Result "0-1"]
[WhiteElo "1747"]
[BlackElo "1816"]

1. e4 Nf6 2. e5 Nd5 3. c4 Nf4 4. d4 Ng6 5. f4 e6 6. Nf3 d6 7. g3 h6 8. b4 c6 9.
c5 d5 10. h4 Na6 11. b5 Nb8 12. a4 b6 13. Ba3 a6 14. Nc3 Be7 15. h5 Nf8 16. cxb6
Bxa3 17. Rxa3 a5 18. Rb3 Bb7 19. g4 Nfd7 20. bxc6 Bxc6 21. b7 Ra7 22. Nb5 Bxb5
23. Rxb5 Nb6 24. Qc2 O-O 25. g5 Rxb7 26. Rg1 Kh8 27. Rxa5 Rc7 28. Qb1 Nc4 29.
Bxc4 Rxc4 30. Ra7 Nc6 31. gxh6 gxh6 32. Ra6 Nxd4 33. Nxd4 Qh4+ 34. Kf1 Qxf4+ 35.
Ke2 Qxe5+ 36. Kf1 Qf4+ 37. Ke2 Qe5+ 38. Kf1 Qxd4 39. Qe1 Rc2 40. Rg2 Qd3+ 41.
Re2 Qxa6 42. Qa1+ f6 0-1

[Event "Rasmus er så klog modsat andre"]
[Site "http://www.queenalice.com/game.php?id=1773475"]
[Date "2021.10.29"]
[Round "-"]
[White "BankerRasmus"]
[Black "Denderlersidst"]
[Result "1-0"]
[WhiteElo "1911"]
[BlackElo "1747"]

1. e4 e5 2. Bc4 c6 3. Qh5 Qe7 4. b3 g6 5. Qf3 b5 6. Ba3 d6 7. Bxd6 Qd7 8. Bxf8
Kxf8 9. Be2 h5 10. Qe3 Na6 11. a4 Nb4 12. Qc5+ Qe7 13. Qc3 Nf6 14. d3 a5 15. Nf3
Nd7 16. d4 f6 17. axb5 cxb5 18. Bxb5 Bb7 19. Bxd7 Qxd7 20. d5 Rc8 21. Nxe5 fxe5
22. Qxe5 Kf7 23. O-O Qc7 24. d6 Qd8 25. c4 Nd3 26. Qd4 Nc5 27. Nd2 Re8 28. e5
Ke6 29. Qc3 Ra8 30. f4 a4 31. Qh3+ Kf7 32. f5 Rxe5 33. fxg6+ Kxg6 34. b4 Nb3 35.
Nf3 Bxf3 36. Qxf3 Nxa1 37. Qf7+ 1-0

[Event "Challenge"]
[Site "http://www.queenalice.com/game.php?id=1775818"]
[Date "2021.11.28"]
[Round "-"]
[White "Denderlersidst"]
[Black "FLeicher"]
[Result "0-1"]
[WhiteElo "1764"]
[BlackElo "1689"]

1. e4 c5 2. Bc4 Nc6 3. Nf3 d6 4. h3 g6 5. Ng5 e6 6. d3 Bg7 7. Qf3 Qc7 8. Qg3 Nf6
9. Nc3 a6 10. a4 h6 11. Nf3 Nh5 12. Qh4 Bf6 13. Qg4 Nb4 14. Kd1 e5 15. Bxf7+
Qxf7 16. Nxe5 Bxg4+ 17. hxg4 Bxe5 18. gxh5 Qxf2 19. Ne2 g5 20. c3 Nxd3 21. g4
O-O 22. Kd2 c4 23. a5 Bf4+ 24. Kd1 Bxc1 25. Rxc1 Nxc1 0-1

[Event "Rasmus er en bangebuks"]
[Site "http://www.queenalice.com/game.php?id=1776141"]
[Date "2021.12.3"]
[Round "-"]
[White "BankerRasmus"]
[Black "Denderlersidst"]
[Result "1-0"]
[WhiteElo "1936"]
[BlackElo "1764"]

1. e4 e5 2. c3 Nf6 3. Bd3 c6 4. Nf3 d6 5. Qb3 Qb6 6. Qa4 Bd7 7. b4 c5 8. b5 a6
9. Na3 h6 10. Rb1 Be6 11. bxa6+ Qc6 12. Bb5 Rxa6 13. Bxc6+ Nxc6 14. Qc2 b6 15.
Rb2 Be7 16. Nb5 O-O 17. Nc7 Ra7 18. Nxe6 fxe6 19. Rxb6 Rc8 20. Qb3 Kf7 21. d3
Na5 22. Qb5 Bd8 23. Rxd6 Ke7 24. Rxd8 Kxd8 25. Qb6+ Rcc7 26. Qb8+ Kd7 27. Nxe5+
Ke7 28. Qh8 Nh5 29. g4 Kf6 30. Nf3 Rab7 31. gxh5 Rb1 32. Qf8+ Rf7 33. e5+ Kf5
34. Qxf7+ Kg4 35. Rg1+ Kh3 36. Rg3# 1-0

[Event "Escorpión"]
[Site "http://www.queenalice.com/game.php?id=1776418"]
[Date "2021.12.7"]
[Round "3"]
[White "Nigel68"]
[Black "Denderlersidst"]
[Result "0-1"]
[WhiteElo "1846"]
[BlackElo "1755"]

1. e4 e5 2. Nf3 Nc6 3. Bc4 f6 4. d3 Nge7 5. Be3 b6 6. O-O d5 7. exd5 Nxd5 8.
Bxd5 Qxd5 9. Nc3 Qa5 10. a3 Bg4 11. h3 Bh5 12. b4 Qa6 13. Nd5 O-O-O 14. c4 b5
15. Qb3 Bxf3 16. gxf3 Nd4 17. Bxd4 exd4 18. Rfe1 c6 19. Nf4 g6 20. Ne6 Rd7 21.
c5 Qa4 22. Qb2 Bg7 23. Nxd4 f5 24. Qe2 Rxd4 25. Qe6+ Rd7 26. Qxc6+ Kd8 27. Ra2
Qb3 28. Qa8+ Kc7 29. Qxa7+ Kd8 30. Qb6+ Rc7 31. Ree2 Qd1+ 32. Kg2 Bd4 33. Qxb5
Qb3 34. Qa6 Qd5 35. Qf6+ Bxf6 0-1

[Event "Kenned - tag kun én portion"]
[Site "http://www.queenalice.com/game.php?id=1777888"]
[Date "2021.12.21"]
[Round "-"]
[White "Denderlersidst"]
[Black "BankerRasmus"]
[Result "1-0"]
[WhiteElo "1791"]
[BlackElo "1945"]

1. e4 e5 2. Nf3 Nc6 3. Bb5 Nf6 4. Bxc6 dxc6 5. Nxe5 Qd4 6. Nf3 Qxe4+ 7. Qe2
Qxe2+ 8. Kxe2 Bc5 9. d4 Bb6 10. Re1 O-O 11. Kf1 c5 12. dxc5 Bxc5 13. h3 Bf5 14.
Re5 Bxc2 15. Rxc5 Bd3+ 16. Kg1 c6 17. Nc3 Nd7 18. Ra5 b5 19. Be3 a6 20. Rd1 Bf5
21. Nd4 Bg6 22. Nxc6 Nf6 23. Ne7+ Kh8 24. Nxg6+ fxg6 25. g4 b4 26. Nd5 Rfd8 27.
Rd4 Rab8 28. Nxf6 gxf6 29. Rxd8+ Rxd8 30. b3 Rd6 31. Bc5 Rd3 32. Kg2 Rd5 33.
Bxb4 Rd4 34. a3 Rd3 35. Rxa6 Kg7 36. Ra7+ Kh6 37. h4 Rxb3 38. Bf8# 1-0

[Event "Challenge"]
[Site "http://www.queenalice.com/game.php?id=1779712"]
[Date "2022.1.9"]
[Round "-"]
[White "Excsiu"]
[Black "Denderlersidst"]
[Result "0-1"]
[WhiteElo "1649"]
[BlackElo "1835"]

1. d4 d5 2. Nc3 e6 3. e4 Bb4 4. Bd2 Bxc3 5. Bxc3 dxe4 6. d5 exd5 7. Nh3 Bxh3 8.
Bxg7 Bd7 9. Bxh8 Nf6 10. Bxf6 Qxf6 11. Qxd5 Bc6 12. Qb3 Nd7 13. Be2 O-O-O 14.
O-O Qg6 15. f3 Ne5 16. Rae1 exf3 17. Bxf3 Nxf3+ 18. Rxf3 Bxf3 19. Qxf3 Rd2 20.
g3 Qb6+ 21. Kh1 Qf2 22. Qxf2 Rxf2 23. Rc1 c5 24. Kg1 Rd2 25. h4 Kd7 26. Rf1 Ke6
27. Rf2 Rxf2 28. Kxf2 Ke5 29. Ke3 h5 30. c4 f5 31. b3 a6 32. a4 a5 33. Kf3 Kd4
34. Kf4 Kc3 35. Kxf5 Kxb3 36. Ke4 Kxc4 37. Kf5 Kd3 38. g4 c4 39. gxh5 c3 40. h6
c2 41. h7 c1=Q 42. h8=Q Qf1+ 43. Kg5 Qg1+ 44. Kh6 Qe3+ 45. Kh5 Qf3+ 46. Kg5 Qg3+
47. Kf5 Qh3+ 48. Kf6 Qd7 49. h5 Qxa4 50. Qh7+ Kc3 51. Qc7+ Kd3 52. Qd8+ Ke4 53.
Qe7+ Kf4 54. Qe5+ Kg4 55. Qg5+ Kh3 56. h6 Qc6+ 57. Kg7 Qd7+ 58. Kh8 Qe8+ 59. Kh7
Qf7+ 0-1

[Event "Challenge"]
[Site "http://www.queenalice.com/game.php?id=1779928"]
[Date "2022.1.11"]
[Round "-"]
[White "BankerRasmus"]
[Black "Denderlersidst"]
[Result "1-0"]
[WhiteElo "1979"]
[BlackElo "1813"]

1. e4 e5 2. Nf3 Nc6 3. c3 d5 4. Bb5 dxe4 5. Bxc6+ bxc6 6. Nxe5 Qd6 7. Qa4 Ne7 8.
Qxe4 f5 9. Qe2 g6 10. d4 Bg7 11. O-O c5 12. Qb5+ Bd7 13. Nxd7 Qc6 14. Qxc6 Nxc6
15. Nxc5 O-O-O 16. b4 Bf8 17. Re1 Bxc5 18. bxc5 Rhe8 19. Rxe8 Rxe8 20. Bd2 f4
21. Na3 g5 22. g3 Re2 23. Nb1 fxg3 24. hxg3 g4 25. Kf1 Re6 26. d5 Re5 27. dxc6
Rxc5 28. Be3 Rxc6 29. Bxa7 Rd6 30. a4 Kb7 31. Be3 c6 32. a5 Ka6 33. Na3 Rd3 34.
Nb1 Rd1+ 35. Ke2 Rh1 36. c4 h5 37. Bd4 h4 38. gxh4 Rxh4 39. Be5 Rh5 40. Bc3 Rh2
41. Ke3 Rh3+ 42. Kd4 Rh5 43. c5 Rd5+ 44. Kc4 Rf5 45. Bd4 Rd5 46. Nd2 Rd7 47. Bc3
Re7 48. Nb3 Re2 49. Bd4 Rc2+ 50. Kd3 Rxf2 51. Bxf2 1-0

[Event "Escorpión"]
[Site "http://www.queenalice.com/game.php?id=1781759"]
[Date "2022.1.30"]
[Round "4"]
[White "Denderlersidst"]
[Black "Dzzagor"]
[Result "0-1"]
[WhiteElo "1804"]
[BlackElo "2114"]

1. e4 Nf6 2. e5 Nd5 3. c4 Nb6 4. c5 Nd5 5. Bc4 e6 6. d4 d6 7. Bxd5 exd5 8. cxd6
cxd6 9. f4 dxe5 10. fxe5 Qh4+ 11. g3 Qe4+ 12. Be3 Qxe3+ 13. Ne2 Bb4+ 14. Nc3 Bg4
15. a3 Bxe2 16. Qxe2 Bxc3+ 17. Kf1 Qxe2+ 18. Kxe2 Bxd4 19. Rad1 Nc6 20. b4 b5
21. Rc1 Rc8 22. Rhd1 Bb2 23. Rb1 Bxa3 24. Rxd5 Bxb4 25. Rxb5 Nd4+ 26. Kd1 Nxb5
27. Rxb4 Nc3+ 28. Kd2 O-O 29. Ke3 Nd5+ 0-1

[Event "Rog3rJJ"]
[Site "http://www.queenalice.com/game.php?id=1784383"]
[Date "2022.3.9"]
[Round "1"]
[White "Denderlersidst"]
[Black "Rog3rJJ"]
[Result "1/2-1/2"]
[WhiteElo "1821"]
[BlackElo "2275"]

1. e4 c5 2. d4 cxd4 3. Qxd4 Nc6 4. Qc3 e6 5. a3 d6 6. f4 Nf6 7. Nd2 Qb6 8. Nc4
Qd4 9. Qxd4 Nxd4 10. Bd3 Bd7 11. e5 b5 12. Nxd6+ Bxd6 13. exd6 Bc6 14. Nf3 Nxf3+
15. gxf3 O-O-O 16. Ke2 Rxd6 17. f5 exf5 18. Bxf5+ Kb7 19. Rg1 Re8+ 20. Kf2 g6
21. Bd3 Nd7 22. Bf4 Rde6 23. Rae1 Rxe1 24. Rxe1 Rxe1 25. Kxe1 a6 26. Be4 f5 27.
Bxc6+ Kxc6 28. b4 Nb6 29. Ke2 Nc4 30. Bc1 Kd5 31. c3 Ne5 32. Bf4 Nc4 33. Bc1 Ne5
34. Bf4 Nc4 35. Bc1 1/2-1/2

[Event "Escorpión"]
[Site "http://www.queenalice.com/game.php?id=1785244"]
[Date "2022.3.20"]
[Round "5"]
[White "Esvir"]
[Black "Denderlersidst"]
[Result "0-1"]
[WhiteElo "2076"]
[BlackElo "1800"]

1. e4 e5 2. Nf3 Nc6 3. Bc4 f6 4. b3 a6 5. Bb2 Nge7 6. O-O b5 7. Be2 d5 8. exd5
Nxd5 9. c4 bxc4 10. bxc4 Nf4 11. Nc3 Rb8 12. Rb1 Bf5 13. d3 Nxe2+ 14. Nxe2 Bxd3
15. Qa4 Bxe2 16. Qxc6+ Qd7 17. Qxd7+ Kxd7 18. Rfe1 Bxc4 19. Red1+ Ke6 20. Rd2
Bb4 21. Rc2 Bxa2 22. Ra1 Rhd8 23. Rc6+ Kf5 24. Rxa6 Bc4 25. Rc6 Bd6 26. Nh4+ Kg5
27. Bc1+ Kxh4 28. Rxc4+ Kh5 29. h3 g5 30. g3 Ra8 31. Rb1 Rdb8 32. Rxb8 Rxb8 33.
Be3 Rb4 34. Rc3 f5 35. Kg2 e4 36. Ra3 f4 37. g4+ Kh4 38. Bd2 f3+ 39. Kf1 Rb1+
0-1

[Event "Rog3rJJ"]
[Site "http://www.queenalice.com/game.php?id=1805199"]
[Date "2023.2.1"]
[Round "2"]
[White "attachui"]
[Black "Denderlersidst"]
[Result "1-0"]
[WhiteElo "2216"]
[BlackElo "1844"]

1. d4 d5 2. c4 dxc4 3. e4 b5 4. a4 c6 5. axb5 cxb5 6. Nc3 a6 7. Nxb5 Bb7 8. Nc3
Nf6 9. e5 Nd5 10. Bxc4 Nxc3 11. bxc3 Bxg2 12. Qh5 g6 13. Qg4 Bxh1 14. Nf3 f5 15.
exf6 exf6 16. Be3 f5 17. Qg3 Bd6 18. Bf4 Bxf4 19. Qxf4 Qe7+ 20. Kd2 Bxf3 21.
Qxf3 Ra7 22. Re1 Qxe1+ 23. Kxe1 Re7+ 24. Kd2 Kd7 25. Qb7+ Kd6 26. Qd5+ Kc7 27.
Qc5+ Kd7 28. Qa7+ Kd6 29. Qb6+ Kd7 30. d5 Rhe8 31. d6 Rc8 32. dxe7 Rxc4 33. Qd8+
1-0

[Event "Rog3rJJ"]
[Site "http://www.queenalice.com/game.php?id=1814736"]
[Date "2023.6.23"]
[Round "3"]
[White "Denderlersidst"]
[Black "australia"]
[Result "0-1"]
[WhiteElo "1842"]
[BlackElo "1853"]

1. e4 a6 2. Nc3 e6 3. d4 c6 4. a3 d6 5. b4 a5 6. b5 Ne7 7. f4 Nd7 8. Nf3 a4 9.
bxc6 Nxc6 10. d5 exd5 11. exd5 Na7 12. Qe2+ Be7 13. g3 Nc5 14. h3 O-O 15. Be3
Bf6 16. Qc4 Re8 17. Ke2 b5 18. Qb4 Na6 19. Qb2 Qe7 20. Ne5 Bxe5 21. fxe5 Qxe5
22. Qc1 Qxc3 23. Bg2 Bf5 24. Qd2 Qe5 25. Ra2 Nc5 26. Kf2 Ne4+ 27. Bxe4 Bxe4 28.
Re1 Qf5+ 29. Bf4 Qxh3 30. Rg1 Qh2+ 0-1

[Event "Challenge"]
[Site "http://www.queenalice.com/game.php?id=1820757"]
[Date "2023.9.14"]
[Round "-"]
[White "BankerRasmus"]
[Black "Denderlersidst"]
[Result "1-0"]
[WhiteElo "1934"]
[BlackElo "1808"]

1. e4 e5 2. Nf3 Nc6 3. Bc4 f6 4. d4 exd4 5. Nxd4 Ne5 6. Bxg8 Rxg8 7. Qh5+ Ng6 8.
Qxh7 Kf7 9. Nf5 Ne7 10. Nh6+ Ke6 11. f4 gxh6 12. e5 f5 13. g4 Rxg4 14. Kf1 d6
15. h3 Rg8 16. Rg1 Rxg1+ 17. Kxg1 dxe5 18. Nc3 e4 19. Qh8 Ng6 20. Qg8+ Kf6 21.
Nd5+ Qxd5 22. Qxd5 c6 23. Qb3 Bc5+ 24. Kf1 b5 25. Qc3+ 1-0

[Event "Rog3rJJ"]
[Site "http://www.queenalice.com/game.php?id=1827707"]
[Date "2023.12.20"]
[Round "4"]
[White "jenyasm"]
[Black "Denderlersidst"]
[Result "1-0"]
[WhiteElo "1663"]
[BlackElo "1797"]

1. e4 e5 2. Nf3 f6 3. Bc4 c6 4. Bxg8 Rxg8 5. d3 d5 6. Nc3 Bb4 7. Bd2 Bxc3 8.
Bxc3 Bg4 9. h3 Bxf3 10. Qxf3 d4 11. Bb4 a5 12. Bd2 g6 13. Bh6 Na6 14. a3 b5 15.
g4 g5 16. h4 gxh4 17. Rxh4 Nc5 18. Bd2 Ra7 19. Rh6 Rg6 20. Qh3 Rxh6 21. Qxh6 a4
22. Qh5+ Rf7 23. g5 fxg5 24. Bxg5 Qa5+ 25. Bd2 Qc7 26. O-O-O Ne6 27. Rf1 c5 28.
Qh6 Nf4 29. Bxf4 1-0